000 01060nam a2200289Ia 4500
003 GCL
008 140319s9999 xx 000 0 ara d
040 _aGCL /
_cGCL
082 0 4 _aق
_b630.953
_bو ا
100 1 _aواطسون, اندريو
245 1 0 _aالابداع الزراعى فى بدايات العالم الاسلامى : انتشار المحاصيل والتقنيات الزراعية ما بين عامى 700 و 1100 للميلاد /
_cواطسون, اندريو
700 1 _aاحمد الاشقر
700 1 _aمحمد نذير سنكري
300 _a454
490 _a100 قصة
_v0
650 0 4 _aتاريخ
650 0 4 _aالحضارة العربية الاسلامية - المعارف البحرية
650 0 4 _aالتراث
650 0 4 _aالزراعة
650 0 4 _aالعالم الاسلامى
650 0 4 _aالعلوم عند العرب
650 0 4 _aالحضارة الاسلامية
650 0 4 _aالبذور
650 0 4 _aالمحاصيل
650 0 4 _aالزراعة, تاريخ
942 _2ddc
_cBK
999 _c43473
_d43473